Toutes les capitales d'Amérique du Nord - Statistiques

Statistiques générales
  • Ce quiz a été pris 46 fois
  • Le résultat moyen est 22 sur 44
Statistiques - réponses
Pays Capitale % Correct
CANADA Ottawa
98%
ÉTATS-UNIS Washington
98%
JAMAÏQUE Kingston
90%
SAINT-VINCENT-ET-LES-GRENADINES Kingstown
90%
CUBA La Havane
88%
MEXIQUE Mexico
88%
HAÏTI Port-au-Prince
88%
GUATEMALA Guatemala
85%
PANAMA Panama
85%
SALVADOR San Salvador
83%
BELIZE Belmopan
80%
COSTA RICA San José
80%
RÉPUBLIQUE DOMINICAINE Saint Domingue
78%
HONDURAS Tegucigalpa
78%
GUADELOUPE Basse-Terre
76%
SAINT-CHRISTOPHE-ET-NIÉVÈS Basseterre
76%
BAHAMAS Nassau
76%
DOMINIQUE Roseau
76%
SAINTE-LUCIE Castries
71%
TRINITÉ-ET-TOBAGO Port d'Espagne
71%
NICARAGUA Managua
68%
MARTINIQUE Fort-de-France
66%
ANTIGUA-ET-BARBUDA Saint John's
63%
BARBADE Bridgetown
56%
GRENADE Saint George's
56%
GROENLAND Nuuk
51%
ÎLES CAÏMANS George Town
27%
SAINT-PIERRE-ET-MIQUELON Saint-Pierre
27%
PORTO RICO San Juan
24%
BERMUDES Hamilton
10%
CURAÇAO Willemstad
10%
ARUBA Oranjestad
7%
SAINT-EUSTACHE Oranjestad
7%
SINT MAARTEN (PAYS-BAS) Philipsburg
7%
ÎLES VIERGES DES ÉTATS-UNIS Charlotte-Amélie
5%
SAINT-BARTHÉLÉMY Gustavia
5%
SAINT-MARTIN (FRANCE) Marigot
5%
MONTSERRAT Plymouth
5%
ÎLES VIERGES BRITTANIQUES Road Town
5%
MONTSERRAT Brades
2%
ÎLES TURQUES-ET-CAÏQUES Cockburn Town
2%
SABA The Bottom
2%
ANGUILLA The Valley
2%
BONAIRE Kralendijk
0%
Aucun quiz correspondant
Distribution des résultats
% des personnes avec chaque résultat
Percentile par nombre de réponses
Votre historique - résultats
Vous n’avez pas pris ce quiz